Comisión para el estudio del alcoholismo en Vizcaya (Record no. 45904)

MARC details
000 -LEADER
campo de control de longitud fija 00715nam a2200217 i 4500
001 - NÚMERO DE CONTROL
campo de control 45904
003 - IDENTIFICADOR DE NÚMERO DE CONTROL
campo de control ES-MaACL
005 - FECHA Y HORA DE LA ÚLTIMA TRANSACCIÓN
campo de control 20230906161309.0
007 - CAMPO FIJO DE DESCRIPCIÓN FÍSICA--INFORMACIÓN GENERAL
campo de control de longitud fija t|
008 - DATOS DE LONGITUD FIJA--INFORMACIÓN GENERAL
campo de control de longitud fija 030327s1968 sp ||||1| spa d
110 2# - ENTRADA PRINCIPAL--NOMBRE DE ENTIDAD CORPORATIVA
Nombre de entidad corporativa o nombre de jurisdicción como elemento de entrada Comision para el Estudio del Alcoholismo en Vizcaya (Bilbao)
9 (RLIN) 154260
245 10 - MENCIÓN DEL TÍTULO
Título Comisión para el estudio del alcoholismo en Vizcaya
Resto del título : Bilbao, enero 1968.
260 ## - PUBLICACIÓN, DISTRIBUCIÓN, ETC.
Lugar de publicación, distribución, etc. Bilbao :
Nombre del editor, distribuidor, etc. Academia de Ciencias Médicas,
Fecha de publicación, distribución, etc. 1968.
300 ## - DESCRIPCIÓN FÍSICA
Extensión 118 p. ;
Dimensiones 24 cm.
490 1# - MENCIÓN DE SERIE
Mención de serie Publicación ;
Designación de volumen o secuencia 1
650 04 - PUNTO DE ACCESO ADICIONAL DE MATERIA--TÉRMINO DE MATERIA
Término de materia o nombre geográfico como elemento de entrada Alcoholismo.
9 (RLIN) 9712
710 2# - ENTRADA AGREGADA--NOMBRE DE ENTIDAD CORPORATIVA
Nombre de entidad corporativa o nombre de jurisdicción como elemento de entrada Academia de Ciencias Médicas (Bilbao)
9 (RLIN) 1171
830 0# - PUNTO DE ACCESO ADICIONAL DE SERIE-TÍTULO UNIFORME
Título uniforme Publicación ;
Designación de volumen o secuencia 1
9 (RLIN) 182082
852 ## - LOCALIZACIÓN
Ubicación ES-MaACL
Número de control de estantería P-1578
Sublocalización o colección R.72538
Holdings
Estatus retirado Estado de pérdida Estado de daño No para préstamo Biblioteca de origen Biblioteca actual Ubicación en estantería Fecha de adquisición Fuente de adquisición Total de préstamos Signatura topográfica completa Código de barras Visto por última vez Precio de reemplazo Tipo de ítem Koha
        Biblioteca del Ateneo de Madrid Biblioteca del Ateneo de Madrid Depósito 2 17/01/2008     P-1578 1048292 23/02/2023 23/02/2023 Libro impreso